Graham Kartna songs - Statistics

General Stats
  • This quiz has been taken 35 times
    11 since last reset
  • The average score is 64 of 244
Answer Stats
Album name Song name % Correct
Rhetoric On Sublime A
88%
Loop Tube P
88%
Loop Tube 1
75%
World of Dweebs Drawn Holes
75%
Goopy Goopy
75%
Toot Toot Oh Lourd/Toot Toot
75%
These Are The Shout Piss In 4/3
75%
Ideation Deluxe Star U
75%
Loop Tube 2
63%
Rhetoric On Sublime Autistic Genius
63%
FYSATSOO Botched Siesta (feat. blower)
63%
FYSATSOO Dizzy's
63%
Hi​-​Skool Part 1
63%
Hi​-​Skool Part 2
63%
Shoot The Moons We Dun Want It!
63%
Ideation Deluxe Wilton, Clarkson, James
63%
Shoot The Moons Xenia
63%
FYSATSOO Cache Hands!
50%
FYSATSOO Clay Sun
50%
ITOB,ON Coffee Table Book
50%
Shoot The Moons Dream X (Feat. Jes Cho)
50%
TMP2 forgetsEverythingEver90
50%
Rhetoric On Sublime Futures Past
50%
These Are The Shout Gregger (Talkin' 'Bout A Real B & E'er)
50%
Ideation Deluxe Hay River, NWT
50%
Shoot The Moons Natalya
50%
AOWK - EP Perfumed Letters
50%
.temp robotKISSES.temp
50%
Drain Running Away From My Bed
50%
Drain Sherman Cut
50%
Shoot The Moons Shoot The Moons
50%
.temp siliconvalleySYRUP.temp
50%
TMP2 stiltonC
50%
TMP2 tGirlCenterMall
50%
ITOB,ON The Five Roses
50%
Drain The TV
50%
World of Dweebs Velmas Viru Gate
50%
ITOB,ON Wiggly Kitchen
50%
TMP2 amazonianDyslexia
38%
Rhetoric On Sublime Another In The Bucket
38%
Rhetoric On Sublime Billy's Crystal (Hey!)
38%
Shoot The Moons Boyo Sleep Rox
38%
TAODB But You Knew This
38%
Shoot The Moons Camp Radley
38%
.temp chiltonWALK.temp
38%
Shoot The Moons Chop Suey USA 1888
38%
TMP2 cigSmilesLA
38%
TAODB Continue?
38%
These Are The Shout Dofasco Night Light
38%
.temp ETERNAL.temp
38%
FYSATSOO Go Man, Go
38%
TAODB Gummy Worming
38%
These Are The Shout Hardly A Hero
38%
Tele​Drem​z™ http://www.teledreamz.biz/offer0947.html/
38%
Drain I Can See My Childhood From Here
38%
Loop Tube I'm Coming Home For My 1950's Dinner
38%
.temp kurkopsoundingSONG.temp
38%
TAODB Last Evening In Froyo Kingdom
38%
FYSATSOO Last Hard Ampersand
38%
Laker Ice - EP Let's Draw
38%
Drain Like A Cab Outta Hell
38%
Rhetoric On Sublime Lobster Shaped Jello Mould
38%
TMP2 lssBrazil
38%
World of Dweebs Lss Garbage Kid
38%
Toot Toot Mai Donkey
38%
Rewards MOONY.MyPrayer
38%
Ideation Deluxe My Great Movie 01
38%
Loop Tube Pepper Kid
38%
FYSATSOO Pinging The Eastern Seaboard
38%
These Are The Shout Plight Of Optimism
38%
Tinto5 EP Prince Puppy Memorial
38%
.temp skinFACTORY.temp
38%
ITOB,ON Squandered! (Janked Out In The FRZ)
38%
World of Dweebs Standard Operating
38%
World of Dweebs Take Back Time
38%
Shoot The Moons The Desktop Dialogues
38%
These Are The Shout The Man Who Was Taken Away
38%
World of Dweebs The Shrinking Middle Class
38%
Tinto5 EP Tin Raf Island
38%
Drain Up The Red Arrow
38%
World of Dweebs Velmas Daphnes
38%
FYSATSOO We Do It All For You
38%
World of Dweebs Wort Whart
38%
OY:ACOOT 80
25%
Loop Tube Aart
25%
Tinto5 EP Accessibility Options
25%
World of Dweebs A New Product
25%
AOWK - EP An Obsession With Kit
25%
Ideation Deluxe Baby, Don't You Know?
25%
These Are The Shout Be It
25%
Ideation Deluxe Blank 2 Nowhere
25%
.temp bRK.temp
25%
AOWK - EP Browser History
25%
Rewards BVIBES.Shitro
25%
TMP2 chinaHatBeat
25%
Tele​Drem​z™ contact us
25%
CMFBK Count To Ten
25%
CMFBK Cute Blue Skirt
25%
OY:ACOOT Darling
25%
OY:ACOOT Don't Forget Your Hat
25%
TAODB Family Tree Maker '95 (feat. FOODCOURT➒➐~)
25%
CMFBK Feed The Puppy
25%
Laker Ice - EP Ffriendds
25%
OY:ACOOT Fish Plate
25%
CMFBK Glow In The Dark
25%
Rhetoric On Sublime Glucose Love
25%
TMP2 gymNYC1999
25%
Shoot The Moons Haha Havana
25%
OY:ACOOT Halfway Crooks
25%
ITOB,ON Her Gradual Collapse
25%
.temp hlyRAAGA.temp
25%
Toot Toot How Can You Tell
25%
ITOB,ON It's Unanimous
25%
Toot Toot Jellystoning
25%
Rewards JPN.HauntedHouse
25%
Drain Katalina Is Gonna Kill Me
25%
Super Kawaii~ Kbye
25%
TAODB Kite Fly Lo
25%
FYSATSOO Les Multimedias
25%
Rewards LOC.MapNowhere
25%
Rewards LSTIC.Pal
25%
Super Kawaii~ Made You Breakfast
25%
FYSATSOO Main Controls
25%
Drain Mano E Mano
25%
FYSATSOO Mock Ampersand
25%
Rewards M.OllyDolly
25%
OY:ACOOT Night Market
25%
Toot Toot Night Sweats
25%
OY:ACOOT Ninedeezed
25%
Rhetoric On Sublime Null 1
25%
Rhetoric On Sublime Null 2
25%
Toot Toot Only At Your Convenience
25%
These Are The Shout Only The Dreemz
25%
OY:ACOOT Over Again
25%
Tinto5 EP Paint Claps Henry
25%
CMFBK Problem Solving
25%
TMP2 scaredThin
25%
TMP2 scratchingMyEarsLikeACat
25%
World of Dweebs Sentence Fragment
25%
Tinto5 EP Spinach Club
25%
Drain Stand Still (!) (Intro)
25%
Tele​Drem​z™ success stories
25%
Loop Tube Supermarket Discount
25%
ITOB,ON The Industrial Average
25%
Loop Tube The Spaceman
25%
World of Dweebs Torniquet
25%
TMP2 toughTownBB
25%
Rhetoric On Sublime Tsiigehtchic
25%
These Are The Shout U Need A Break
25%
TAODB Using A Coffee Maker To Boil Hotdogs
25%
TMP2 vanillaG
25%
Laker Ice - EP Way She Goes
25%
TAODB Welcome To My House
25%
OY:ACOOT Welp Welp Welp
25%
CMFBK What A Good Girl
25%
Drain When Push Comes To Shove
25%
Toot Toot Window Shopper
25%
Drain You Can Count On Life
25%
Drain You Can Count On Life (VHS Head Remix)
25%
Toot Toot Your Continued Work
25%
OY:ACOOT Ball Pit
13%
PHU​➒​➐​~ ban rat de thuong
13%
.temp barberBARBER.temp
13%
Loop Tube Bruised Collarbone
13%
Super Kawaii~ Cat Face
13%
PHU​➒​➐​~ Cozy end
13%
PHU​➒​➐​~ DRAINchilling
13%
TAODB Dumb Fried Bologna Sandwich
13%
OY:ACOOT Fin Line
13%
Laker Ice - EP Forget To Remember That
13%
OY:ACOOT Funky's Funcle
13%
PHU​➒​➐​~ glance
13%
OY:ACOOT Hedge Memory
13%
Super Kawaii~ Highly Sensual
13%
Tele​Drem​z™ how it works
13%
Rewards KILLME.Executable
13%
Super Kawaii~ Made Me Feel Everything
13%
OY:ACOOT Never Forgive Action
13%
Super Kawaii~ Ohai
13%
Tele​Drem​z™ our promise
13%
Tele​Drem​z™ our vision
13%
Tele​Drem​z™ past offers
13%
Loop Tube Potato Salad Boyo
13%
ITOB,ON Red Guy 2K11 (P's & Q's)
13%
.temp romanticsMIDI.temp
13%
PHU​➒​➐​~ SHOWCASE
13%
.temp study718.temp
13%
AOWK - EP Subtext
13%
PHU​➒​➐​~ SUMMERSEND
13%
Rewards TBUNS.DoubleDecker
13%
OY:ACOOT Tell You
13%
Tele​Drem​z™ thanks
13%
Laker Ice - EP Things Could Change!
13%
​평​양 피​아​노 학​교 ϻvmnt. @%1
13%
​평​양 피​아​노 학​교 ϻvmnt. @%2
13%
​평​양 피​아​노 학​교 ϻvmnt. @%3
13%
​평​양 피​아​노 학​교 ϻvmnt. @%4
13%
​평​양 피​아​노 학​교 ϻvmnt. @%5
13%
​평​양 피​아​노 학​교 ϻvmnt. @%6
13%
Loop Tube Walking
13%
Super Kawaii~ You Can Make A Mess
13%
Laker Ice - EP You've Been Away From Land 2 Long
13%
.temp 16FCA.temp
0%
ITOB,ON An Anecdote (Operatic)
0%
OY:ACOOT Aqua Ghetto Beat
0%
CMFBK Bedtime Story
0%
Tele​Drem​z™ bright futures
0%
Loop Tube Broke Toy Reggae
0%
OY:ACOOT Certain
0%
Tinto5 EP Coarse Grind Eggplanter
0%
CMFBK Connect The Dots
0%
CMFBK Construction Paper
0%
CMFBK Dollhouse
0%
CMFBK Funny Face
0%
OY:ACOOT It's Your Call
0%
.temp jazzGRADE4.temp
0%
Super Kawaii~ Lacking
0%
OY:ACOOT Last Night
0%
.temp LendavadUMAANTEE.temp
0%
OY:ACOOT Lost Pet
0%
OY:ACOOT Love Ballad
0%
Loop Tube Make You Smile
0%
OY:ACOOT Mal Franz
0%
Super Kawaii~ Misinterpretation
0%
ITOB,ON New Visitors
0%
OY:ACOOT NTINT
0%
OY:ACOOT On Occasion
0%
OY:ACOOT Player 3 Wins
0%
OY:ACOOT PWMFP
0%
Super Kawaii~ Reading You
0%
OY:ACOOT Round
0%
Super Kawaii~ Runner-Up
0%
Super Kawaii~ Smoke Break
0%
.temp snideDRUGTOR.temp
0%
OY:ACOOT Steviez
0%
.temp stOLD.temp
0%
ITOB,ON The O'Shaughnessy
0%
OY:ACOOT The Sun Died
0%
Loop Tube This Is Faulty Logic
0%
Rewards TRPPN.ForBiscuits
0%
CMFBK Using Crayon On Your Plastic Toys
0%
World of Dweebs Wala Surang (WIFI in Japan)
0%
AOWK - EP We're Only Human
0%
OY:ACOOT Wincing At The Thought
0%
No matching quizzes found
Score Distribution
Percent of People with Each Score
Percentile by Number Answered
Your Score History
You have not taken this quiz since the last reset